| 000 | 00346nam a2200121Ia 4500 | ||
|---|---|---|---|
| 008 | 230907s9999||||xx |||||||||||||| ||und|| | ||
| 082 |
_a621.31042 _bCHA |
||
| 100 | _aChapman, Stephen J. | ||
| 245 | 0 | _aElectric machinery fundamentals / | |
| 260 |
_aMcGraw-Hill Higher Education , _bNew York, NY : _c2005 |
||
| 300 | _axxii, 746 p. : | ||
| 942 | _cBK | ||
| 999 |
_c600513 _d600513 |
||